| 000 | 01090nam a22003017a 4500 | ||
|---|---|---|---|
| 003 | EG-ScBUE | ||
| 005 | 20220214125106.0 | ||
| 008 | 200219r20162015ii a f 001 0 eng d | ||
| 020 | _a9788186809617 | ||
| 020 | _a8186809619 | ||
| 040 |
_aEG-ScBUE _beng _erda _cEG-ScBUE _dEG-ScBUE |
||
| 082 | 0 | 4 |
_222 _a617.643 _bIYY |
| 100 | 1 |
_aIyyer, Bhalajhi Sundaresa, _eauthor. |
|
| 245 | 1 | 0 |
_aOrthodontics : _bthe art and science / _cBhalajhi Sundaresa Iyyer, formerly assistant professor, Department of Orthodontics, Manipal College of Dental Sciences, Mangalore. |
| 250 |
_aSixth edition, _bReprint edition. |
||
| 264 | 1 |
_aNew Delhi : _bArya Medi Publishing House PVT, _c2016. |
|
| 300 |
_a690 pages : _bcolor illustrations ; _c30 cm |
||
| 336 |
_2rdacontent _atext _btxt |
||
| 337 |
_2rdamedia _aunmediated _bn |
||
| 338 |
_2rdacarrier _avolume _bnc |
||
| 500 | _aIncludes index. | ||
| 650 | 7 |
_aOrthodontics. _2BUEsh |
|
| 650 | 7 |
_aMalocclusion in children. _2BUEsh |
|
| 650 | 7 |
_aFace _xAbnormalities. _2BUEsh |
|
| 653 |
_bGGEN _cFebruary2022 |
||
| 655 |
_vReading book _934232 |
||
| 942 |
_2ddc _cBB |
||
| 999 |
_c29777 _d29748 |
||